Estructura agraria y migración de la Región Oriental
Análisis socio-histórico y consolidación de la estructura agraria salvadoreña. Abarca las condiciones precoloniales, coloniales y postcoloniales que propician y consolidan la estructura agraria salvadoreña. Parte de una definición conceptual, enfatizando en la estructura económica, jurídico-política...
Wedi'i Gadw mewn:
| Prif Awdur: | |
|---|---|
| Fformat: | Texto |
| Cyhoeddwyd: |
Soyapango:
Ministerio de Agricultura y Ganadería
|
| Pynciau: | |
| Tagiau: |
Ychwanegu Tag
Dim Tagiau, Byddwch y cyntaf i dagio'r cofnod hwn!
|
MARC
| LEADER | 00000 a a2200000 04500 | ||
|---|---|---|---|
| 001 | 19546 | ||
| 003 | |||
| 040 | |||
| 090 | |a 077500 | ||
| 100 | |a Rodríguez Macall, Aida Ruth | ||
| 245 | |a Estructura agraria y migración de la Región Oriental | ||
| 260 | |a Soyapango: |b Ministerio de Agricultura y Ganadería | ||
| 300 | |a 109 p. | ||
| 520 | |a Análisis socio-histórico y consolidación de la estructura agraria salvadoreña. Abarca las condiciones precoloniales, coloniales y postcoloniales que propician y consolidan la estructura agraria salvadoreña. Parte de una definición conceptual, enfatizando en la estructura económica, jurídico-política e ideológica. Revisa las migraciones en la región oriental utilizando diversas encuestas. La investigación pretende seguir la tesis central de Roger Bartra. Contiene información económica, mapas, cuestionarios de las encuestas realizadas y los respectivos códigos utilizados. ALLV | ||
| 650 | |a ESTRUCTURA AGRARIA | ||
| 650 | |a MIGRACION INTERNA | ||
| 650 | |a ECONOMIA AGRARIA | ||
| 999 | |c 8717 |d 8717 | ||
